| 000 | 00919nam a22002297a 4500 | ||
|---|---|---|---|
| 005 | 20251126155520.0 | ||
| 010 | _aB-770230-241 ENG-147196 BACEN25 | ||
| 020 |
_a9789388583985 _c455.00 |
||
| 035 | _aB-770230-241 | ||
| 035 | _aEN-130728 | ||
| 037 | _bSahitya Bhoomi | ||
| 037 | _bDBAD | ||
| 082 |
_21 _a881 |
||
| 100 |
_aBiala, Rajinder _985759 |
||
| 245 |
_aShanta: _bSister of Lord Rama/ _cBy Rajinder Biala |
||
| 250 | _a1 | ||
| 260 |
_aNew Delhi _bSahitya Bhoomi _c2025 |
||
| 270 |
_aJ-75-76, Street No. 7, Ramapark Road, Mohan garden _bNew Delhi _e110059 _k+91-8383863238 _mliteraturelandindia@gmail.com |
||
| 300 |
_a112p. _c22cm(hb) |
||
| 942 |
_2ddc _cEN _h881 _mBIA |
||
| 999 |
_c209488 _d209488 |
||